00401pab a2200145 454500008004000000100002300040245004600063260000900109300001300118362000800131650002300139650003700162650002800199773002800227180718b1998 xxu||||| |||| 00| 0 eng d aKokosalakis, Nikos aPolitics and sociology in Greece, 1950-98 c1998 ap.325-43 aSep aSociology - Greece aGreece - Politics and government aPolitics and government aInternational Sociology